Представление документа в формате RUSMARC

ПолеНазваниеЗначение
  Тип записи a
  Библиографический уровень m
001 Контрольный номер RU/SLIB/B/208705149
005 Дата корректировки 20231204145630.8
010 Индекс ISBN __
d Цена 18-00
101 Язык документа 0_
a Язык текста rus
200 Заглавие и сведения об ответственности 0_
a Заглавие Греческие полиоркетики. Флавий Вегеций Ренат
e Сведения, относящиеся к заглавию [сб.]
f Первые сведения об ответственности авт. предисл. А. В. Мишулин
b Общее обозначение материала Текст
210 Выходные данные 1_
a Место издания СПб.
c Издательство Алетейя
d Дата издания 1996
215 Физическое описание __
a Объем 351 с.
c Иллюстрации/тип воспроизводства Ил.
225 Серия 2_
a Серия Античная библиотека
i Наименование части Античная история
327 Примечание о содержании 0_
a Примечание о содержании Полиоркетика / Аполлодор
327 Примечание о содержании 0_
a Примечание о содержании О машинах / Афиней Механик
327 Примечание о содержании 0_
a Примечание о содержании Инструкции по полиоркетике / Аноним Византийский
327 Примечание о содержании 0_
a Примечание о содержании Краткое изложение военного дела / Вегеций Флавий Ренат
600 Персоналии _1
a Персоналии (Фамилия) Аполлодор
600 Персоналии _1
a Персоналии (Фамилия) Афиней Механик
600 Персоналии _1
a Персоналии (Фамилия) Аноним Византийский
600 Персоналии _1
a Персоналии (Фамилия) Вегеций Ф.
606 Тематические рубрики __
a Основная рубрика Военное дело
606 Тематические рубрики __
a Основная рубрика Военно-историческая наука
610 Ключевые слова 0_
a Ключевые слова военные науки; военное искусство; древний мир
686 Индексы других классификаций __
2 Код системы rubbks
a Классификационный индекс 68.3
801 Источник записи _0
a Страна RU
b Организация Муниципальное бюджетное учреждение культуры "Централизованная библиотечная система" г. Сургут (Центральная городская библиотека им. А. С. Пушкина)
g Правила каталогизации ОБ/Котельникова
801 Источник записи _1
a Страна RU
b Организация Муниципальное бюджетное учреждение культуры "Централизованная библиотечная система" г. Сургут (Центральная городская библиотека им. А. С. Пушкина)
g Правила каталогизации ОБ/Котельникова
852 Данные о местонахождении __
j Шифр хранения 68.3
c Каталожный индекс 68
i Авторский знак Г81
p Инвентарный номер 68047
901 Тип документа __
t Тип документа m
903 Характеристики (МАРС) __
a Дата передачи 19980629
990 Данные о заказе (DOS) 00
j Количество экземпляров (DOS) 1
t N записи в КСУ для И/У (DOS) 199801